Normal view MARC view

Entry Personal Name

Number of records used in: 1

001 - CONTROL NUMBER

  • control field: 21374

003 - CONTROL NUMBER IDENTIFIER

  • control field: dpl

005 - DATE AND TIME OF LATEST TRANSACTION

  • control field: 20100924114500.0

008 - FIXED-LENGTH DATA ELEMENTS

  • fixed length control field: 100924|||a|||||| | ||| d

040 ## - CATALOGING SOURCE

  • Original cataloging agency: dpl
  • Transcribing agency: dpl

100 ## - HEADING--PERSONAL NAME

  • Personal name: व्होरा, आशारानी

670 ## - SOURCE DATA FOUND

  • Source citation: Work cat.: (dpl)34221: व्होरा, आशारानी, नोबेल पुरस्कृत महिलाएँ /, 2009

670 ## - SOURCE DATA FOUND

  • Source citation: Work cat.: (dpl)34221: व्होरा, आशारानी, नोबेल पुरस्कृत महिलाएँ /, 2009

© Delhi Public Library
Hit Counter
free hit counter